000 00850nam0a22002291 4500
001 v19\rc\1314966
005 20260406181704.0
035 _a(NLR Aleph) 004470912
090 _a4561526
_c4561526
100 _a20060512d1900 |||y0rusy50 ca
101 0 _arus
102 _aRU
105 _ay z |||||
200 1 _aУсловия страхования Генерального общества страхований жизни и пожизненных доходов
210 _a[Санкт-Петербург]
_dценз. 1900
215 _a1 л.
710 0 2 _aГенеральное о-во страхований жизни и пожизненных доходов
_cПетербург
_3RU\NLR\AUTH\889946541
_9388664
801 0 _aRU
_bNLR
_gpsbo
801 1 _aRU
_bProSoft-M
_2rusmarc
852 _aNLR
_j20.58.4.436
942 _cBOOK
980 _aNB